000 00329 a2200157 4500
001 162698
020 _a
040 _cMagnum
100 _aBernardino, Bertrando
240 1 0 _aViagem aos corais
_lpor
245 1 0 _aViagem aos corais
362 0 _a1899
440 1 _aBagaço
697 _aI/AVENTURA, CRIANCAS
942 _cBK
999 _c162698
_d162698